000 00786nam a22002537a 4500
001 20952
003 UA-OsUOA
005 20200729192717.0
007 ta
008 20031107b un ||||| |||| 00| 0 ukr d
040 _aUA-OsUOA
_brus
_cUA-OsUOA
_dUA-OsUOA
041 _arus
044 _aUS
080 _a94(477).06
090 _a94(477).06
_bГ11
100 _aГірняк Н.
245 _aОстанній акт трагедії української галицької армії
260 _aСША
_bУВ-ІІ
_c1958
300 _a286 с.
650 7 _a9 Географія. Біографії. Історія
_2UDC
942 _cBK
_2udc
955 _a2
999 _c307141
_d307141